000 00598nam a2200193 a 4500
001 000010505
005 20240412074219.0
008 091007t1993 dr r 000 p spa d
040 _aDO-SdBNP
_bspa
_cBNPHU
082 _aRD861.44
_bM491ci
100 1 _aMedina, Rafael Hilario,
_d1959-
_920618
245 1 0 _aCifra del sueño /
_cRafael Hilario Medina.
260 _aSanto Domingo :
_bAlfa y Omega,
_c1993.
300 _a87 p. ;
_c21 cm.
590 _aInventariado, 2018/BT
650 0 _aPoesía dominicana
_966
650 0 _aLiteratura dominicana.
_967
910 _aValidado. Control de calidad. EMS
999 _c10264
_d10264